000 00701nam a22002057a 4500
999 _c17146
_d17146
003 AR-CdUCM
008 190507b ||||| |||| 00| 0 spa d
040 _aMUNICIPALIDAD PROVINCIAL DEL CUSCO
_cBIBLIOTECA MUNICIPAL DEL CUSCO
082 _22ed.
_a982.05 /
_bS67
100 _aSommi, Luis, V.
_929266
245 _aLa revolución del 90 /
260 _aBuenos Aires :
_bPueblos de América,
_c1957.
300 _a349 páginas ;
_c21 cm.
505 _aContenido : La sucesión presidencial del año 1886 -- La política de Juarez Celman -- La prosperidad ...
650 _aRevolución
_9679
650 _aHistoria
_9136
650 _aSiglo XX
_98
942 _2ddc
_cLIBROS
945 _arah
_d07/05/2019